00514nam a2200133Ia 4500008004100000100002000041245011600061245005300177260005300230260000900283300001200292650001500304856006100319170221s9999 xx 000 0 und d aMuhammad Hassan aImpact of Differentiated Customer Service, Brand Trust, Brand Commitment, and Brand Salience on Brand Advocacy  cMuhammad Hassan, Arslan Rafi, Syed Sibtain Kazmi bInternational Review of Management and Marketing c2016 a15 : 18 xMarketing. uhttp://www.econjournals.com/index.php/irmm/issue/view/77